Дело о бумагах, не имеющих производства и принятых к сведению

Доступно только в Электронных читальных залах Найти на картеНа карте
RUSMARC
00003589nmc2a22000003x 450
001292c25a8-4a88-4d98-b584-4636657f7956
00520181128235832.0
100##$a20170111l18251826k l0rusy0189 ca
1010#$arus
102##$aRU
2001#$aДело о бумагах, не имеющих производства и принятых к сведению
$j6 мая 1825 г. - 21 декабря 1826 г.
251##$cДело
300##$aДело
801#0$aRU
$bРГИА
$c20170111
$gRCR
801#1$aRU
$bГлавНИВЦ
$c20170111
$2rusmarc
801#2$aRU
$bПБ им. Б.Н. Ельцина
$c20181128
$gRCR
$2rusmarc
850##$aРГИА
852##$aРГИА
$eФедеральное казенное учреждение "Российский государственный исторический архив" (РГИА)
$j2912
937##$hРГИА
$d12239136
$aASBIBLIO_SCAN
462#0$1001dd3991dc-24e1-42ec-8838-ca4255420416
$12001
$a1746-1850 гг.
$1251
$cОпись
$1852
$j1
461#0$10019264ebf8-de62-4f1a-9eb4-9f22098dbbd5
$12001
$aДирекция императорских театров МИДв
$1251
$cФонд
$1852
$j497
215##$a112 л.
$d36,5х26 см
371##$aДокумент не является опубликованным и широко распространяемым
105##$ay###
1222#$ad
035##$a292c25a8-4a88-4d98-b584-4636657f7956
856##$uhttp://readingroom.main.prlib.ru/item.aspx?id_node=n121116027&mode=full
Формат отображения